[Event "Praha"]
[Site "?"]
[Date "2023.01.12"]
[Round "8.6"]
[White "Zvolensky, David"]
[Black "Elmi, Saad Abobaker"]
[Result "1/2-1/2"]
[BlackElo "2326"]
[WhiteElo "2204"]
[LiveChessVersion "1.4.8"]

1. e4 {[%clk 1:30:57]} e5 {[%clk 1:25:51]} 2. Nf3 {[%clk 1:31:22]} Nc6
{[%clk 1:26:12]} 3. Bb5 {[%clk 1:31:47]} a6 {[%clk 1:26:33]} 4. Ba4
{[%clk 1:32:11]} g6 {[%clk 1:26:26]} 5. O-O {[%clk 1:32:08]} Bg7 {[%clk 1:26:46]}
6. c3 {[%clk 1:32:31]} Nge7 {[%clk 1:26:49]} 7. d4 {[%clk 1:32:18]} exd4
{[%clk 1:27:09]} 8. cxd4 {[%clk 1:32:40]} b5 {[%clk 1:27:31]} 9. Bb3
{[%clk 1:32:19]} O-O {[%clk 1:27:26]} 10. d5 {[%clk 1:28:32]} Na5
{[%clk 1:27:42]} 11. Bd2 {[%clk 1:28:14]} Nxb3 {[%clk 1:25:43]} 12. Qxb3 c5
{[%clk 1:24:45]} 13. Bc3 {[%clk 1:28:21]} d6 {[%clk 1:24:51]} 14. Bxg7
{[%clk 1:26:51]} Kxg7 {[%clk 1:25:11]} 15. Qc3+ {[%clk 1:25:32]} f6
{[%clk 1:20:21]} 16. b4 {[%clk 1:25:05]} cxb4 {[%clk 1:20:26]} 17. Qxb4
{[%clk 1:25:22]} Rb8 {[%clk 1:15:16]} 18. Nbd2 {[%clk 1:19:58]} a5
{[%clk 1:13:34]} 19. Qb2 {[%clk 1:20:11]} Bd7 {[%clk 1:13:33]} 20. Nd4
{[%clk 1:15:05]} Qb6 {[%clk 1:12:54]} 21. Rae1 {[%clk 1:11:34]} g5
{[%clk 1:06:50]} 22. h4 gxh4 {[%clk 1:02:29]} 23. Kh2 {[%clk 0:58:51]} Ng6
{[%clk 1:01:03]} 24. f4 {[%clk 0:57:32]} a4 {[%clk 0:55:44]} 25. Re3
{[%clk 0:49:36]} b4 {[%clk 0:52:33]} 26. f5 {[%clk 0:41:48]} Ne5 {[%clk 0:52:09]}
27. Rh3 {[%clk 0:41:58]} Kh8 {[%clk 0:39:53]} 28. Rf4 {[%clk 0:39:42]} Rf7
{[%clk 0:33:20]} 29. Rfxh4 {[%clk 0:38:18]} a3 {[%clk 0:31:44]} 30. Qa1
{[%clk 0:36:20]} Rg8 {[%clk 0:31:14]} 31. N2b3 {[%clk 0:30:41]} Rfg7
{[%clk 0:29:50]} 32. Qf1 {[%clk 0:22:20]} Ba4 {[%clk 0:25:04]} 33. Qe2
{[%clk 0:19:04]} Qa7 {[%clk 0:21:23]} 34. Kh1 {[%clk 0:18:39]} Bxb3
{[%clk 0:18:05]} 35. Nxb3 {[%clk 0:18:03]} Qc7 {[%clk 0:15:56]} 36. Qd1
{[%clk 0:10:33]} Qa7 {[%clk 0:05:14]} 37. Qd4 {[%clk 0:09:07]} Qa6
{[%clk 0:02:44]} 38. Qd1 {[%clk 0:07:53]} Qc4 {[%clk 0:02:02]} 39. Nd4
{[%clk 0:07:34]} Rc8 {[%clk 0:01:43]} 40. Ne6 {[%clk 0:04:11]} Qc1
{[%clk 0:00:39]} 41. Qxc1 {[%clk 0:03:48]} Rxc1+ {[%clk 0:01:04]} 42. Kh2
{[%clk 0:04:13]} Rb7 {[%clk 0:28:26]} 43. Nd8 {[%clk 0:31:12]} Rg7
{[%clk 0:23:36]} 44. Ne6 {[%clk 0:31:16]} Ra7 {[%clk 0:22:50]} 45. Nf4
{[%clk 0:19:54]} Rc4 {[%clk 0:14:09]} 46. Nh5 {[%clk 0:19:18]} Nd7
{[%clk 0:13:57]} 47. Rg4 {[%clk 0:17:14]} Rc3 {[%clk 0:12:26]} 48. e5
{[%clk 0:15:24]} Rxh3+ {[%clk 0:09:01]} 49. Kxh3 {[%clk 0:14:43]} dxe5
{[%clk 0:06:47]} 50. Rxb4 {[%clk 0:14:51]} Ra5 {[%clk 0:07:15]} 51. Rb3
{[%clk 0:13:31]} Rxd5 {[%clk 0:07:21]} 52. Rxa3 {[%clk 0:13:53]} Kg8
{[%clk 0:07:38]} 53. Rg3+ {[%clk 0:13:34]} Kf8 {[%clk 0:07:49]} 54. Rg7
{[%clk 0:12:41]} e4 {[%clk 0:07:38]} 55. Rxh7 {[%clk 0:12:14]} Rxf5
{[%clk 0:07:26]} 56. Ng3 {[%clk 0:12:17]} Rd5 {[%clk 0:07:18]} 57. Nxe4
{[%clk 0:12:39]} Rd4 {[%clk 0:07:26]} 58. Nf2 {[%clk 0:07:43]} Ke8
{[%clk 0:06:36]} 59. Rh8+ {[%clk 0:07:26]} Nf8 {[%clk 0:06:45]} 60. Ng4
{[%clk 0:06:52]} Ra4 {[%clk 0:06:14]} 61. Nxf6+ {[%clk 0:06:27]} 1/2-1/2

[Event "Praha"]
[Site "?"]
[Date "2023.01.12"]
[Round "8.7"]
[White "Kulhanek, Tomas"]
[Black "Toncheva, Nadya"]
[Result "1/2-1/2"]
[BlackElo "2195"]
[WhiteElo "2320"]
[LiveChessVersion "1.4.8"]

1. e4 {[%clk 1:30:56]} c5 {[%clk 1:30:56]} 2. Nc3 {[%clk 1:31:15]} Nc6
{[%clk 1:31:21]} 3. g3 {[%clk 1:31:32]} e5 {[%clk 1:30:18]} 4. Bg2
{[%clk 1:31:15]} Nf6 {[%clk 1:29:31]} 5. Nge2 {[%clk 1:30:44]} Be7
{[%clk 1:29:46]} 6. O-O {[%clk 1:30:24]} O-O {[%clk 1:30:10]} 7. d3
{[%clk 1:28:30]} d6 {[%clk 1:28:16]} 8. h3 {[%clk 1:28:43]} Re8 {[%clk 1:27:02]}
9. f4 {[%clk 1:27:17]} exf4 {[%clk 1:26:43]} 10. Nxf4 {[%clk 1:26:46]} Bf8
{[%clk 1:25:11]} 11. Be3 {[%clk 1:16:35]} Rb8 {[%clk 1:18:23]} 12. Qd2
{[%clk 1:12:19]} b5 {[%clk 1:15:50]} 13. a3 {[%clk 1:12:17]} Ne5 {[%clk 1:09:02]}
14. Rf2 {[%clk 1:07:15]} a5 {[%clk 1:02:02]} 15. Ncd5 {[%clk 1:01:26]} Nxd5
{[%clk 1:02:16]} 16. Nxd5 {[%clk 1:01:40]} Be6 {[%clk 0:57:47]} 17. Nf4
{[%clk 0:55:58]} Bd7 {[%clk 0:54:42]} 18. Raf1 {[%clk 0:53:47]} Bc6
{[%clk 0:52:04]} 19. b3 {[%clk 0:42:28]} Rb7 {[%clk 0:48:18]} 20. c3
{[%clk 0:39:56]} b4 {[%clk 0:42:54]} 21. d4 {[%clk 0:35:52]} Ng6 {[%clk 0:41:47]}
22. Nxg6 {[%clk 0:34:49]} hxg6 {[%clk 0:40:30]} 23. axb4 {[%clk 0:31:15]} axb4
{[%clk 0:40:52]} 24. cxb4 {[%clk 0:27:02]} cxb4 {[%clk 0:41:12]} 25. d5
{[%clk 0:22:58]} Bb5 {[%clk 0:41:30]} 26. Ra1 {[%clk 0:19:19]} Qb8
{[%clk 0:37:18]} 27. Bd4 {[%clk 0:18:12]} Be7 {[%clk 0:37:06]} 28. Qf4
{[%clk 0:14:57]} Bd8 {[%clk 0:35:59]} 29. h4 {[%clk 0:13:16]} Rbe7
{[%clk 0:27:12]} 30. Qd2 {[%clk 0:13:33]} Bd7 {[%clk 0:25:23]} 31. Kh2
{[%clk 0:09:37]} f5 {[%clk 0:17:06]} 32. exf5 {[%clk 0:09:01]} Bxf5
{[%clk 0:16:41]} 33. h5 {[%clk 0:06:21]} Bb6 {[%clk 0:15:57]} 34. hxg6
{[%clk 0:05:20]} Bxg6 {[%clk 0:14:48]} 35. Ra4 {[%clk 0:03:37]} Bxd4
{[%clk 0:10:42]} 36. Qxd4 {[%clk 0:04:05]} Re2 {[%clk 0:10:05]} 37. Ra7
{[%clk 0:01:43]} R2e5 {[%clk 0:10:11]} 38. Bh3 {[%clk 0:01:22]} Kh7
{[%clk 0:07:59]} 39. Rd7 {[%clk 0:01:12]} Rf8 {[%clk 0:06:56]} 40. Bg4
{[%clk 0:00:37]} Rxf2+ {[%clk 0:06:01]} 41. Qxf2 {[%clk 0:29:57]} Rxd5
{[%clk 0:34:01]} 42. Qf6 {[%clk 0:26:50]} Kh6 {[%clk 0:29:09]} 43. Qxg7+
{[%clk 0:09:17]} Kg5 {[%clk 0:29:33]} 44. Rf7 {[%clk 0:05:11]} Qa8
{[%clk 0:21:37]} 45. Rf2 {[%clk 0:03:44]} Rc5 {[%clk 0:15:53]} 46. Qe7+
{[%clk 0:01:27]} Kh6 {[%clk 0:16:18]} 47. Qh4+ {[%clk 0:01:22]} Kg7
{[%clk 0:15:30]} 48. Qe7+ {[%clk 0:01:51]} Kh6 {[%clk 0:15:51]} 49. Qxd6
{[%clk 0:01:48]} Qd5 {[%clk 0:11:23]} 50. Qf4+ {[%clk 0:01:51]} Kh7
{[%clk 0:09:33]} 51. Qxb4 {[%clk 0:02:08]} Rc7 {[%clk 0:09:54]} 52. Bf3
{[%clk 0:02:08]} Qd3 {[%clk 0:07:26]} 53. Bg2 {[%clk 0:01:36]} Qe3
{[%clk 0:05:16]} 54. Qf4 {[%clk 0:01:23]} Qc3 {[%clk 0:05:24]} 55. Bd5
{[%clk 0:01:26]} Qc5 {[%clk 0:04:52]} 56. Qh4+ {[%clk 0:01:29]} Kg7
{[%clk 0:05:16]} 57. Qf6+ {[%clk 0:01:47]} Kh7 {[%clk 0:05:15]} 58. Qh4+
{[%clk 0:01:40]} Kg7 {[%clk 0:05:42]} 59. Qf6+ {[%clk 0:02:05]} Kh7
{[%clk 0:06:08]} 60. Bc4 {[%clk 0:01:55]} Rd7 {[%clk 0:04:46]} 61. Re2
{[%clk 0:00:53]} Qa5 {[%clk 0:00:44]} 62. Bg8+ {[%clk 0:00:54]} Kh6
{[%clk 0:01:08]} 63. Qf8+ {[%clk 0:00:54]} Kh5 {[%clk 0:00:41]} 64. g4+
{[%clk 0:00:36]} Kg5 {[%clk 0:01:09]} 65. Qf3 {[%clk 0:00:36]} Qc7+
{[%clk 0:01:15]} 66. Kg2 {[%clk 0:00:44]} Rd3 {[%clk 0:01:22]} 67. Re3
{[%clk 0:00:33]} Rd2+ {[%clk 0:01:35]} 68. Re2 {[%clk 0:00:52]} Rd3
{[%clk 0:01:18]} 69. Re3 {[%clk 0:01:04]} Rd2+ {[%clk 0:01:35]} 70. Re2 Rd3
1/2-1/2

[Event "Praha"]
[Site "?"]
[Date "2023.01.12"]
[Round "8.8"]
[White "Vaculik, Jakub"]
[Black "Ivanov, Mike"]
[Result "0-1"]
[BlackElo "2319"]
[WhiteElo "2200"]
[LiveChessVersion "1.4.8"]

1. c4 {[%clk 1:30:00]} e5 {[%clk 1:30:43]} 2. Nc3 {[%clk 1:30:25]} Nc6
{[%clk 1:31:02]} 3. g3 {[%clk 1:29:54]} Bc5 {[%clk 1:31:05]} 4. Bg2
{[%clk 1:28:01]} a6 {[%clk 1:31:03]} 5. d3 {[%clk 1:26:13]} d6 {[%clk 1:31:08]}
6. Nf3 {[%clk 1:25:18]} Nge7 {[%clk 1:30:37]} 7. a3 {[%clk 1:23:58]} O-O
{[%clk 1:29:35]} 8. O-O {[%clk 1:18:45]} h6 {[%clk 1:28:44]} 9. Ne1
{[%clk 1:10:12]} f5 {[%clk 1:26:15]} 10. Nd5 {[%clk 1:05:24]} Nxd5
{[%clk 1:25:19]} 11. Bxd5+ {[%clk 1:05:10]} Kh8 {[%clk 1:24:34]} 12. e3
{[%clk 1:03:04]} Qe8 {[%clk 1:06:33]} 13. Bf3 {[%clk 0:50:41]} a5
{[%clk 1:00:31]} 14. b3 {[%clk 0:46:58]} Bb6 {[%clk 0:56:42]} 15. Ng2
{[%clk 0:42:04]} Be6 {[%clk 0:48:38]} 16. Bb2 {[%clk 0:39:06]} Rd8
{[%clk 0:47:18]} 17. d4 {[%clk 0:36:27]} Bf7 {[%clk 0:45:08]} 18. dxe5
{[%clk 0:30:48]} dxe5 {[%clk 0:41:17]} 19. Qc2 {[%clk 0:31:12]} e4
{[%clk 0:40:25]} 20. Be2 {[%clk 0:29:01]} Bc5 {[%clk 0:39:46]} 21. Nh4
{[%clk 0:23:56]} Qe6 {[%clk 0:37:45]} 22. Rfd1 {[%clk 0:21:16]} Be7
{[%clk 0:32:09]} 23. Ng2 {[%clk 0:19:52]} Bf6 {[%clk 0:32:14]} 24. Nf4
{[%clk 0:18:54]} Qe7 {[%clk 0:32:35]} 25. Bh5 {[%clk 0:12:58]} Bxh5
{[%clk 0:30:54]} 26. Nxh5 {[%clk 0:13:17]} Bxb2 {[%clk 0:31:02]} 27. Qxb2
{[%clk 0:13:41]} Ne5 {[%clk 0:30:03]} 28. Nf4 {[%clk 0:12:45]} Kh7
{[%clk 0:29:45]} 29. Kg2 {[%clk 0:11:23]} g5 {[%clk 0:20:20]} 30. Nd5
{[%clk 0:09:22]} Qg7 {[%clk 0:20:48]} 31. b4 {[%clk 0:05:40]} a4 {[%clk 0:15:13]}
32. b5 {[%clk 0:02:57]} Rde8 {[%clk 0:10:15]} 33. b6 {[%clk 0:02:21]} c6
{[%clk 0:10:07]} 34. Nc7 {[%clk 0:02:22]} Re7 {[%clk 0:10:22]} 35. Qd4
{[%clk 0:01:37]} Qf7 {[%clk 0:08:33]} 36. c5 {[%clk 0:00:50]} Qh5
{[%clk 0:06:29]} 37. Qd6 {[%clk 0:00:37]} Qf3+ {[%clk 0:02:53]} 38. Kg1
{[%clk 0:00:43]} Rff7 {[%clk 0:03:22]} 39. Ne6 {[%clk 0:00:40]} Rd7
{[%clk 0:02:15]} 40. Qxe5 {[%clk 0:00:37]} Rxd1+ {[%clk 0:02:26]} 41. Rxd1
{[%clk 0:01:05]} Qxd1+ {[%clk 0:02:46]} 42. Kg2 {[%clk 0:01:32]} Qf3+
{[%clk 0:23:12]} 43. Kg1 {[%clk 0:28:35]} Qd1+ {[%clk 0:23:39]} 44. Kg2
{[%clk 0:28:57]} Qd7 {[%clk 0:23:49]} 45. g4 {[%clk 0:12:45]} Qd1
{[%clk 0:21:14]} 46. Qc7 {[%clk 0:03:47]} Rxc7 {[%clk 0:15:57]} 47. bxc7
{[%clk 0:03:53]} f4 {[%clk 0:16:24]} 0-1

[Event "Praha"]
[Site "?"]
[Date "2023.01.12"]
[Round "8.9"]
[White "Serrano Salvador, Eduardo"]
[Black "Garsky, Vladyslav"]
[Result "0-1"]
[BlackElo "2169"]
[WhiteElo "2288"]
[LiveChessVersion "1.4.8"]

1. d4 {[%clk 1:20:49]} d5 {[%clk 1:30:58]} 2. Nf3 {[%clk 1:21:13]} Nf6
{[%clk 1:31:10]} 3. e3 {[%clk 1:21:37]} e6 {[%clk 1:31:31]} 4. Bd3
{[%clk 1:22:00]} c5 {[%clk 1:30:09]} 5. b3 {[%clk 1:21:59]} Nc6 {[%clk 1:29:35]}
6. Nbd2 {[%clk 1:21:05]} Be7 {[%clk 1:26:20]} 7. Bb2 {[%clk 1:21:23]} a6
{[%clk 1:23:00]} 8. Ne5 {[%clk 1:19:31]} Nxe5 {[%clk 1:05:34]} 9. dxe5
{[%clk 1:19:45]} Nd7 {[%clk 1:06:01]} 10. Qg4 {[%clk 1:14:47]} O-O
{[%clk 1:02:24]} 11. Nf3 {[%clk 1:05:45]} b5 {[%clk 0:36:42]} 12. Bxh7+
{[%clk 0:39:42]} Kxh7 {[%clk 0:36:24]} 13. Qh5+ {[%clk 0:40:06]} Kg8
{[%clk 0:36:45]} 14. h4 {[%clk 0:40:31]} f6 {[%clk 0:28:31]} 15. Ng5
{[%clk 0:32:43]} fxg5 {[%clk 0:28:53]} 16. hxg5 {[%clk 0:33:06]} Bxg5
{[%clk 0:29:16]} 17. Qh7+ {[%clk 0:33:27]} Kf7 {[%clk 0:29:32]} 18. Qh5+
{[%clk 0:26:41]} Kg8 {[%clk 0:29:56]} 19. Qh7+ {[%clk 0:27:01]} Kf7
{[%clk 0:30:18]} 20. f4 {[%clk 0:14:39]} Be7 {[%clk 0:24:13]} 21. Qh5+
{[%clk 0:10:03]} Kg8 {[%clk 0:21:37]} 22. g4 {[%clk 0:07:59]} Qe8
{[%clk 0:16:00]} 23. Qh7+ {[%clk 0:08:17]} Kf7 {[%clk 0:16:27]} 24. Qh5+
{[%clk 0:07:19]} Kg8 {[%clk 0:16:52]} 25. Qh7+ {[%clk 0:07:47]} Kf7
{[%clk 0:17:20]} 26. g5 {[%clk 0:08:12]} Bxg5 {[%clk 0:17:40]} 27. Qh5+
{[%clk 0:08:28]} Kg8 {[%clk 0:18:06]} 28. Qh7+ {[%clk 0:08:22]} Kf7
{[%clk 0:18:32]} 29. fxg5 {[%clk 0:06:10]} Ke7 {[%clk 0:18:56]} 30. g6
{[%clk 0:06:36]} Kd8 {[%clk 0:19:11]} 31. Qxg7 {[%clk 0:06:47]} Rg8
{[%clk 0:19:17]} 32. Qf7 {[%clk 0:05:26]} Qxf7 {[%clk 0:19:25]} 33. gxf7
{[%clk 0:05:55]} Rf8 {[%clk 0:19:48]} 34. e4 {[%clk 0:06:18]} Bb7
{[%clk 0:19:17]} 35. O-O-O {[%clk 0:06:09]} Rxf7 {[%clk 0:18:56]} 36. exd5
{[%clk 0:06:32]} Bxd5 {[%clk 0:19:21]} 37. Rxd5 {[%clk 0:06:56]} exd5
{[%clk 0:19:35]} 38. e6 {[%clk 0:07:21]} Re7 {[%clk 0:18:56]} 39. exd7
{[%clk 0:07:13]} Kxd7 {[%clk 0:19:18]} 40. Rh6 {[%clk 0:06:31]} Re6
{[%clk 0:19:37]} 41. Rh7+ {[%clk 0:06:42]} Kc6 {[%clk 0:20:00]} 42. a3
{[%clk 0:05:19]} Rg8 {[%clk 0:20:17]} 43. Rh2 {[%clk 0:05:44]} Rg1+
{[%clk 0:20:19]} 44. Kd2 {[%clk 0:06:09]} Reg6 {[%clk 0:20:34]} 45. b4
{[%clk 0:06:20]} R6g2+ {[%clk 0:20:59]} 46. Rxg2 {[%clk 0:06:44]} Rxg2+
{[%clk 0:21:23]} 47. Kd1 {[%clk 0:06:58]} d4 {[%clk 0:21:47]} 48. bxc5
{[%clk 0:07:16]} Kxc5 {[%clk 0:22:13]} 49. Kc1 {[%clk 0:07:17]} Kc4
{[%clk 0:22:39]} 50. Kb1 {[%clk 0:07:01]} d3 {[%clk 0:20:24]} 51. cxd3+
{[%clk 0:07:23]} Kb3 {[%clk 0:20:47]} 0-1

[Event "Praha"]
[Site "?"]
[Date "2023.01.12"]
[Round "8.10"]
[White "Jansen, Bob"]
[Black "Vojta, Jakub"]
[Result "1-0"]
[BlackElo "2288"]
[WhiteElo "2194"]
[LiveChessVersion "1.4.8"]

1. d4 {[%clk 1:30:57]} d5 {[%clk 1:30:57]} 2. e4 {[%clk 1:31:21]} e6
{[%clk 1:31:23]} 3. e5 {[%clk 1:31:46]} c5 {[%clk 1:31:42]} 4. c3
{[%clk 1:32:14]} Nc6 {[%clk 1:32:04]} 5. Nf3 {[%clk 1:32:40]} Qb6
{[%clk 1:32:14]} 6. Bd3 {[%clk 1:33:07]} Bd7 {[%clk 1:32:28]} 7. O-O
{[%clk 1:33:30]} cxd4 {[%clk 1:32:54]} 8. Re1 {[%clk 1:33:55]} Rc8
{[%clk 1:27:06]} 9. h4 {[%clk 1:31:11]} h6 {[%clk 1:20:58]} 10. h5
{[%clk 1:29:40]} a5 {[%clk 1:14:02]} 11. Nbd2 {[%clk 1:26:43]} dxc3
{[%clk 1:07:21]} 12. bxc3 {[%clk 1:26:27]} Bc5 {[%clk 1:07:42]} 13. Qe2
{[%clk 1:25:41]} a4 {[%clk 1:08:08]} 14. Rb1 {[%clk 1:24:39]} Qa7
{[%clk 1:07:35]} 15. Nf1 {[%clk 1:18:53]} Nge7 {[%clk 1:06:13]} 16. Be3
{[%clk 1:17:16]} Bxe3 {[%clk 1:02:33]} 17. Nxe3 {[%clk 1:16:39]} Rc7
{[%clk 0:47:54]} 18. Red1 {[%clk 1:05:16]} Kd8 {[%clk 0:38:58]} 19. c4
{[%clk 0:58:07]} Kc8 {[%clk 0:37:40]} 20. cxd5 {[%clk 0:56:20]} exd5
{[%clk 0:37:45]} 21. Bb5 {[%clk 0:52:04]} Be6 {[%clk 0:33:59]} 22. Nc2
{[%clk 0:48:38]} Bg4 {[%clk 0:26:16]} 23. Bxc6 {[%clk 0:42:38]} bxc6
{[%clk 0:25:51]} 24. Rb4 {[%clk 0:40:59]} Bxh5 {[%clk 0:24:11]} 25. Rdb1
{[%clk 0:36:52]} c5 {[%clk 0:20:42]} 26. Rb8+ {[%clk 0:35:35]} Qxb8
{[%clk 0:20:47]} 27. Rxb8+ {[%clk 0:36:04]} Kxb8 {[%clk 0:21:16]} 28. Qb5+
{[%clk 0:33:25]} Ka8 {[%clk 0:19:37]} 29. g4 {[%clk 0:30:01]} Bg6
{[%clk 0:18:43]} 30. Na3 {[%clk 0:30:01]} Rb8 {[%clk 0:17:23]} 31. Qa5+
{[%clk 0:28:52]} Ra7 {[%clk 0:15:22]} 32. Qxc5 {[%clk 0:29:20]} Rc8
{[%clk 0:11:22]} 33. Qd6 {[%clk 0:16:34]} Rb7 {[%clk 0:04:40]} 34. Nb5
{[%clk 0:14:04]} Be4 {[%clk 0:04:00]} 35. Nfd4 {[%clk 0:12:12]} g5
{[%clk 0:03:00]} 36. Kh2 {[%clk 0:10:50]} Bd3 {[%clk 0:01:44]} 37. Qa6+
{[%clk 0:07:32]} Kb8 {[%clk 0:02:12]} 38. Qa5 {[%clk 0:07:49]} Bxb5
{[%clk 0:00:33]} 39. Nxb5 {[%clk 0:08:18]} Nc6 {[%clk 0:00:32]} 40. Qa6
{[%clk 0:06:30]} Rd7 {[%clk 0:00:31]} 41. Nd6 {[%clk 0:04:23]} Rcc7
{[%clk 0:30:23]} 42. Qb5+ {[%clk 0:33:32]} Ka8 {[%clk 0:26:10]} 43. Qxd5
{[%clk 0:29:32]} Re7 {[%clk 0:23:01]} 44. Nb5 {[%clk 0:16:26]} Rc8
{[%clk 0:23:09]} 45. Nd4 {[%clk 0:07:24]} Rxe5 {[%clk 0:14:52]} 46. Qd7
{[%clk 0:07:08]} Na7 {[%clk 0:14:44]} 47. Qxf7 {[%clk 0:06:34]} Rce8
{[%clk 0:07:20]} 48. Nf5 {[%clk 0:07:02]} Nb5 {[%clk 0:07:09]} 49. Qd7
{[%clk 0:06:31]} R8e6 {[%clk 0:06:36]} 50. Qd8+ {[%clk 0:05:56]} Kb7
{[%clk 0:06:25]} 51. Ne3 {[%clk 0:06:21]} Rd6 {[%clk 0:05:52]} 52. Qa5
{[%clk 0:06:09]} Rd4 {[%clk 0:06:11]} 53. f3 {[%clk 0:03:44]} Kc6
{[%clk 0:05:01]} 54. Qa8+ {[%clk 0:03:32]} Kc7 {[%clk 0:05:31]} 55. Qa5+
{[%clk 0:03:54]} Kc6 {[%clk 0:05:53]} 56. Qa6+ {[%clk 0:03:13]} Kc7
{[%clk 0:05:59]} 57. Nf1 {[%clk 0:01:51]} a3 {[%clk 0:04:59]} 58. Kh3
{[%clk 0:02:05]} Rd6 {[%clk 0:05:12]} 59. Qa5+ {[%clk 0:02:25]} Kc6
{[%clk 0:03:30]} 60. Ng3 {[%clk 0:02:48]} Rd3 {[%clk 0:03:25]} 61. Kg2
{[%clk 0:02:34]} Ree3 {[%clk 0:02:54]} 62. Ne4 {[%clk 0:01:04]} Rxf3
{[%clk 0:01:30]} 63. Qa6+ {[%clk 0:00:54]} Kd5 {[%clk 0:01:58]} 64. Nf2
{[%clk 0:01:05]} Kc5 {[%clk 0:00:56]} 65. Nxd3+ {[%clk 0:00:35]} Rxd3
{[%clk 0:01:25]} 66. Qc8+ {[%clk 0:00:35]} Kb4 {[%clk 0:01:17]} 67. Qf8+
{[%clk 0:01:04]} Ka4 {[%clk 0:01:42]} 68. Qf7 {[%clk 0:00:33]} Kb4
{[%clk 0:01:29]} 69. Qe7+ {[%clk 0:00:56]} Ka4 {[%clk 0:01:40]} 70. Qe6
{[%clk 0:00:34]} Kb4 {[%clk 0:02:07]} 71. Kf1 {[%clk 0:00:40]} Rd2
{[%clk 0:00:44]} 72. Qe1 {[%clk 0:00:46]} Kc3 {[%clk 0:01:11]} 73. Qe3+
{[%clk 0:00:50]} Kc2 {[%clk 0:00:51]} 74. Qb3+ {[%clk 0:01:18]} Kc1
{[%clk 0:01:20]} 75. Qxb5 {[%clk 0:01:11]} Rd1+ {[%clk 0:00:47]} 76. Ke2
{[%clk 0:01:14]} Rd2+ {[%clk 0:01:15]} 77. Ke1 {[%clk 0:01:22]} Rd1+ 78. Ke2 Rd2+
{[%clk 0:02:03]} 79. Ke3 {[%clk 0:01:24]} Rxa2 {[%clk 0:02:32]} 80. Qb3
{[%clk 0:00:45]} 1-0

[Event "Praha"]
[Site "?"]
[Date "2023.01.12"]
[Round "8.11"]
[White "Smolik, Jachym"]
[Black "Oye-Stromberg, Alexander"]
[Result "0-1"]
[BlackElo "2254"]
[WhiteElo "2167"]
[LiveChessVersion "1.4.8"]

1. d4 {[%clk 1:30:58]} Nf6 {[%clk 1:30:41]} 2. Nf3 {[%clk 1:31:08]} d5
{[%clk 1:30:32]} 3. c4 {[%clk 1:31:23]} e6 {[%clk 1:30:22]} 4. Nc3
{[%clk 1:31:45]} Bb4 {[%clk 1:30:07]} 5. Qa4+ {[%clk 1:31:05]} Nc6
{[%clk 1:30:23]} 6. e3 {[%clk 1:31:28]} O-O {[%clk 1:30:07]} 7. Bd2
{[%clk 1:31:44]} dxc4 {[%clk 1:26:10]} 8. Bxc4 {[%clk 1:30:38]} Bd6
{[%clk 1:26:26]} 9. Nb5 {[%clk 1:21:41]} Bd7 {[%clk 1:22:08]} 10. Qc2
{[%clk 1:18:34]} a6 {[%clk 1:20:08]} 11. Nxd6 {[%clk 1:17:56]} cxd6
{[%clk 1:20:30]} 12. Bc3 {[%clk 0:59:46]} Rc8 {[%clk 1:15:02]} 13. Be2
{[%clk 1:00:02]} b5 {[%clk 0:58:41]} 14. Qd3 {[%clk 0:46:34]} d5 {[%clk 0:53:27]}
15. O-O {[%clk 0:46:33]} Ne4 {[%clk 0:53:00]} 16. Be1 {[%clk 0:42:52]} a5
{[%clk 0:46:48]} 17. Qd1 {[%clk 0:34:14]} Nd6 {[%clk 0:36:44]} 18. Bd3
{[%clk 0:32:08]} Qb6 {[%clk 0:34:56]} 19. Rc1 {[%clk 0:28:57]} h6
{[%clk 0:31:27]} 20. Bb1 {[%clk 0:23:14]} b4 {[%clk 0:28:20]} 21. Nd2
{[%clk 0:17:08]} Nb8 {[%clk 0:25:36]} 22. Rxc8 {[%clk 0:16:54]} Rxc8
{[%clk 0:26:00]} 23. f3 {[%clk 0:13:08]} Bb5 {[%clk 0:24:21]} 24. Rf2
{[%clk 0:13:32]} Nd7 {[%clk 0:24:14]} 25. Nf1 {[%clk 0:12:44]} Qa6
{[%clk 0:19:53]} 26. e4 {[%clk 0:10:00]} Qb7 {[%clk 0:11:33]} 27. Rc2
{[%clk 0:06:06]} Rxc2 {[%clk 0:08:39]} 28. Qxc2 {[%clk 0:06:29]} dxe4
{[%clk 0:08:34]} 29. fxe4 {[%clk 0:06:58]} Bxf1 {[%clk 0:08:21]} 30. Kxf1
{[%clk 0:07:25]} Nf6 {[%clk 0:07:19]} 31. e5 {[%clk 0:05:15]} Nf5
{[%clk 0:07:19]} 32. Kg1 {[%clk 0:01:48]} Nd5 {[%clk 0:03:35]} 33. Qe4
{[%clk 0:01:17]} h5 {[%clk 0:03:11]} 34. h3 {[%clk 0:00:55]} Qb6 {[%clk 0:02:33]}
35. Bf2 {[%clk 0:01:20]} Qc7 {[%clk 0:02:40]} 36. Qc2 {[%clk 0:01:24]} Qxc2
{[%clk 0:01:40]} 37. Bxc2 {[%clk 0:01:52]} g6 {[%clk 0:01:29]} 38. g4
{[%clk 0:00:56]} hxg4 {[%clk 0:01:42]} 39. hxg4 {[%clk 0:01:25]} Nfe3
{[%clk 0:01:42]} 40. Bb3 {[%clk 0:01:02]} Nxg4 {[%clk 0:01:29]} 41. Bh4
{[%clk 0:01:27]} Nf4 {[%clk 0:23:08]} 42. Kf1 {[%clk 0:26:44]} Ne3+
{[%clk 0:22:17]} 43. Kf2 {[%clk 0:27:13]} Nf5 {[%clk 0:22:05]} 44. Bd8
{[%clk 0:27:35]} Nxd4 {[%clk 0:20:18]} 45. Bxa5 {[%clk 0:27:20]} Nxb3
{[%clk 0:20:26]} 46. axb3 {[%clk 0:27:39]} Nd5 {[%clk 0:19:50]} 47. Kf3
{[%clk 0:27:16]} f6 {[%clk 0:18:47]} 48. exf6 {[%clk 0:27:17]} Kf7
{[%clk 0:18:40]} 49. Bd8 {[%clk 0:26:00]} Nxf6 {[%clk 0:18:39]} 50. Kf4
{[%clk 0:25:51]} Nd5+ {[%clk 0:18:41]} 51. Ke5 {[%clk 0:24:11]} Ke8
{[%clk 0:11:50]} 52. Bg5 {[%clk 0:23:49]} Kd7 {[%clk 0:12:03]} 53. Bd2
{[%clk 0:23:34]} Ne7 {[%clk 0:11:44]} 54. Kf6 {[%clk 0:20:20]} Nc6
{[%clk 0:12:01]} 55. Kxg6 {[%clk 0:18:21]} Kd6 {[%clk 0:12:25]} 56. Kf6
{[%clk 0:18:22]} Kd5 {[%clk 0:12:45]} 57. Be1 {[%clk 0:17:23]} e5
{[%clk 0:12:59]} 58. Kf5 {[%clk 0:16:58]} Nd4+ {[%clk 0:13:01]} 59. Kf6
{[%clk 0:15:13]} Nc2 {[%clk 0:13:22]} 0-1

[Event "Praha"]
[Site "?"]
[Date "2023.01.12"]
[Round "8.12"]
[White "Shatil, Shir"]
[Black "Ochedzan, Tymon"]
[Result "1/2-1/2"]
[BlackElo "2236"]
[WhiteElo "2149"]
[LiveChessVersion "1.4.8"]

1. d4 {[%clk 1:30:58]} Nf6 {[%clk 1:30:53]} 2. c4 {[%clk 1:31:24]} c5
{[%clk 1:31:20]} 3. d5 {[%clk 1:31:47]} b5 {[%clk 1:31:45]} 4. cxb5
{[%clk 1:32:12]} a6 {[%clk 1:32:12]} 5. bxa6 {[%clk 1:32:36]} g6 {[%clk 1:32:36]}
6. Nc3 {[%clk 1:33:02]} Bg7 {[%clk 1:33:01]} 7. e4 {[%clk 1:33:28]} O-O
{[%clk 1:33:16]} 8. a4 {[%clk 1:33:39]} e6 {[%clk 1:22:06]} 9. Nf3
{[%clk 1:08:16]} Qa5 {[%clk 1:13:09]} 10. Bd2 {[%clk 1:06:40]} Bxa6
{[%clk 1:12:44]} 11. Bb5 {[%clk 0:59:48]} Qb4 {[%clk 0:58:11]} 12. O-O
{[%clk 0:40:31]} Bxb5 {[%clk 0:46:49]} 13. Nxb5 {[%clk 0:38:29]} Qxe4
{[%clk 0:47:10]} 14. Re1 {[%clk 0:37:18]} Qc4 {[%clk 0:38:40]} 15. Ne5
{[%clk 0:26:25]} Qh4 {[%clk 0:38:09]} 16. Nc7 {[%clk 0:20:46]} Ra7
{[%clk 0:38:22]} 17. Nf3 {[%clk 0:20:42]} Qc4 {[%clk 0:38:18]} 18. b3
{[%clk 0:20:39]} Qd3 {[%clk 0:33:21]} 19. Re3 {[%clk 0:14:10]} Qf5
{[%clk 0:33:39]} 20. Re5 {[%clk 0:14:24]} Qd3 {[%clk 0:33:38]} 21. Ne1
{[%clk 0:10:39]} Qd4 {[%clk 0:31:40]} 22. Nf3 {[%clk 0:11:05]} Qd3
{[%clk 0:30:13]} 23. Ne1 {[%clk 0:03:09]} Qd4 {[%clk 0:30:30]} 24. Nf3
{[%clk 0:03:35]} 1/2-1/2